00663nam a2200229Ia 45000010008000000030004000080050017000120080041000290200018000700400018000880700013001060720009001190820019001281000018001472450051001652600036002163000041002525040063002936500030003566500028003866500019004149513663OSt20180921172711.0830516s2016 ii ab b 001 0 eng d a9781107112940 aAGLcAGLdOLM aSB107.K6 aF100 222a581.6bKSE1 aKochhar, S. L10aEconomic botany in the tropics /cS.L. Kochhar aDelhi :bMacmillan India,c2016 axviii, 662 p. :bill., maps ;c27 cm aIncludes bibliographical references (p. 435-449) and index 0aBotany, EconomiczTropics 0aPlants, UsefulzTropics 0aTropical crops